01514nam a2200337 i 4500003000900000005001700009008004000026040004600066041000800112082002600120092000700146099003500153100004600188245007600234250003700310264008300347300008100430336002200511337002400533338003300557504010800590546009600698650006900794650003100863651001000894856005700904905000700961942001900968999001700987952017201004EG-GICUC20260121101543.0251228s2000   ua ||||fr|||| 00| 0 ara d  a EG-GICUCbarac EG-GICUCd EG-GICUCerda  aara04221a343.6bع ب . ع04221  aLaw1 10	343.6 ع ب . ع  20000 aعبد الرحيم صدقيeمؤلف.10aعلمي الاجرام والعقاب /cعبد الرحيم صدقي.  bطبعة مزيدة ومنقحة 1a[مكان النشر غير محدد] :b[الناشر غير محدد],c2000  a554 صفحة ؛ c24 سم.bإيضاحيات، صور، مثيليات ؛   2rda contentatext  2rda mediaaComputer  2rda carrieraOnline Resource  aيحتوي على ارجاعات ببليوجرافية
يحتوي على قائمة بالمراجع  aالنص أغلبه باللغة العربية مع بعض النصوص الفرنسية14aعلم الإجرامxالقانون الجنائي 2qrmak14aعلم العقاب2qrmak1 2qrmak40uhttps://fll.law.cu.edu.eg/fulltext/bks/B10-07327.pdf  a75  2ddccBKe21n0  c52867d52867  00102ddc40718القانون الجنائيaCUbLAW1d2025-12-28l0oLaw1 10	343.6 ع ب . ع  2000 1007327	C1pB10-07327r2025-12-28 15:11:33t1w2025-12-28yBK